|
|
|
|
| LEADER |
01019cam a2200253 7i4500 |
| 001 |
0000058284 |
| 005 |
20210408090000.0 |
| 020 |
|
|
|a 9780511961731 (electronic book)
|
| 090 |
0 |
0 |
|a PE1112
|b .M83 2004
|
| 100 |
1 |
|
|a Murphy, Raymond
|
| 245 |
1 |
0 |
|a English grammar in use :
|b a self-study reference and practice book for intermediate students of English with answers
|c Raymond Murphy.
|
| 250 |
|
|
|a Fourth edition.
|
| 264 |
|
|
|a Cambridge:
|b Cambridge University Press,
|c 2012.
|
| 300 |
|
|
|a 1 online resource (380 pages):
|b colour illustrations, text file, PDF.
|
| 336 |
|
|
|a text
|2 rdacontent
|
| 337 |
|
|
|a computer
|2 rdamedia
|
| 338 |
|
|
|a online resource
|2 rdacarrier
|
| 650 |
|
0 |
|a English language --
|x Study and teaching
|
| 655 |
|
0 |
|a Electronic books
|
| 856 |
4 |
2 |
|u http://library.unisel.edu.my/web/guest/mylibrary
|
| 997 |
|
|
|a Education & Social Sciences, Faculty
|b Language Education, Department
|
| 998 |
|
|
|a Education (TESL), Degree
|
| 998 |
|
|
|a TESL, Diploma
|
| 999 |
|
|
|a EBO0004622
|b EBOOK
|c EBOOK
|e Electronic resources
|